Grosses Septett 114. Werk : (militaire) : für das Piano-Forte zu 4 Händen /

Hlavní autor: Hummel, Johann Nepomuk, 1778-1837
Další autoři: Czerny, Carl, 1791-1857
Jazyk: Nelze použít, není lingvistický obsah
Vydáno: Wien : Bei Tobias Haslinger, [1870?]
Fyzický popis: 1 partitura (61 s.)
Hudebniny Hudebniny
Uloženo v:
LEADER 00913ncm a22002292a 4500
001 001279235
003 CZ BrMZK
005 20150806131508.0
007 qu
008 080226s1870 au |||||||||||||| zxx d
040 |a BOA001  |b cze 
072 7 |a 786  |x Hudba pro klávesové nástroje  |2 Konspekt  |9 9 
100 1 |a Hummel, Johann Nepomuk,  |d 1778-1837  |7 jn20000603068  |4 cmp 
245 1 0 |a Grosses Septett  |h [hudebnina] :  |b 114. Werk : (militaire) : für das Piano-Forte zu 4 Händen /  |c von J.N. Hummel ; arrangiert von Carl Czerny 
260 |a Wien :  |b Bei Tobias Haslinger,  |c [1870?] 
300 |a 1 partitura (61 s.) 
510 4 |a [Winiker, C. Haupt-Katalog der Musikalien-Leih-Anstalt,  |c 17122] 
700 1 |a Czerny, Carl,  |d 1791-1857  |7 jn20010601282  |4 arr 
910 |a BOA001  |b Mus4-0203.645 
990 |a MU 
991 |b 201302 
996 6 |b 2619518789  |c Mus4-0203.645  |l MZK  |r Sklad / do 1 hodiny  |n 0  |p W  |w 001313434  |u 000010  |a 1  |e BOA001  |j MZK50  |s P